| 000 | 00495nam a22001937a 4500 | ||
|---|---|---|---|
| 003 | LK-CoMWRAF | ||
| 005 | 20231019230507.0 | ||
| 008 | 231019b |||||||| |||| 00| 0 eng d | ||
| 020 | _a0460022954 | ||
| 040 |
_aLK-CoMWRAF _dLK-CoMWRAF _eLK-CoMWRAF |
||
| 041 | _aeng | ||
| 082 |
_a823 _bLEE |
||
| 100 | _aLee, Hermione | ||
| 245 |
_aThe Secret self : _bShort stories by women |
||
| 260 |
_aLondon : _bDent, _c1985 |
||
| 300 | _axv,382p. ; 20cm. | ||
| 650 | _aEnglish Fiction | ||
| 942 | _cBK | ||
| 999 |
_c3950 _d3950 |
||